[Event "2. Bundesliga Mitte 2009/2010"]
[Site "St. Valentin"]
[Date "2010.01.31"]
[Round "6"]
[Board "4"]
[White "Kaspret, Guido"]
[Black "Reiss, Georg"]
[Result "1-0"]
[WhiteElo "2310"]
[BlackElo "2153"]
[PlyCount "81"]
[EventDate "2009.10.10"]
[EventType "team"]
[EventRounds "11"]
[EventCountry "AUT"]
[WhiteTeam "SV Signum Siebdruck St. Veit/Glan"]
[BlackTeam "SV Raika Rapid Feffernitz"]

1.c4 c5 2.Nf3 g6 3.Nc3 Bg7 4.d4 Nc6 5.d5 Ne5 6.Nd2 d6 7.e4 Qa5 8.Be2 f5 9.O-O
Nf6 10.f4 Neg4 11.Nb3 Qc7 12.h3 Nh6 13.e5 Ne4 14.Nxe4 fxe4 15.e6 Nf5 16.Kh2 b5
17.cxb5 c4 18.g4 cxb3 19.gxf5 Qc2 20.axb3 Qxd1 21.Rxd1 Bb7 22.Ra2 O-O 23.fxg6
hxg6 24.Be3 Bh6 25.Kg3 Rf5 26.Bc4 Kh7 27.h4 g5 28.hxg5 Bxg5 29.Kg4 Kg6 30.fxg5
Rf3 31.Rxa7 Rh8 32.Re1 Rh2 33.Bf1 Bxd5 34.Rxe7 Rf5 35.Be2 Rf8 36.Bd4 Rg2+ 37.Kh3
e3 38.Rg7+ Kf5 39.Bd3+ Kf4 40.Bxe3+ Kf3 41.Rf1+

[Event "2. Bundesliga Mitte 2009/2010"]
[Site "St. Valentin"]
[Date "2010.01.31"]
[Round "6"]
[Board "5"]
[White "Tschohl, Christof"]
[Black "Hebesberger, Thomas"]
[Result "1/2-1/2"]
[WhiteElo "2160"]
[BlackElo "2330"]
[PlyCount "71"]
[EventDate "2009.10.10"]
[EventType "team"]
[EventRounds "11"]
[EventCountry "AUT"]
[WhiteTeam "SV Raika Rapid Feffernitz"]
[BlackTeam "SV Signum Siebdruck St. Veit/Glan"]

1.e4 g6 2.d4 d6 3.f4 c6 4.Nf3 d5 5.Nc3 dxe4 6.Nxe4 Bg7 7.c3 Nf6 8.Nxf6+ Bxf6
9.Bd3 Bg4 10.O-O O-O 11.Qc2 Bxf3 12.Rxf3 e6 13.f5 exf5 14.Bxf5 Bg7 15.Bd3 Nd7
16.Bf4 Nb6 17.Qd2 Qd7 18.Bh6 Rae8 19.Bxg7 Kxg7 20.Re1 Nd5 21.Rf2 Rxe1+ 22.Qxe1
Qg4 23.Bc4 Qg5 24.h4 Qd8 25.Re2 f6 26.Re6 Rf7 27.g3 Qc7 28.Kh2 h5 29.Qe4 Qb6
30.Qe2 Qd8 31.Bb3 Rd7 32.Re8 Re7 33.Rxe7+ Qxe7 34.Qxe7+ Nxe7 35.Kg2 g5 36.Be6

[Event "2. Bundesliga Mitte 2009/2010"]
[Site "St. Valentin"]
[Date "2010.01.31"]
[Round "6"]
[Board "6"]
[White "Dietmayer-Kraeutler, Marco"]
[Black "Arztmann, Wolfgang"]
[Result "1-0"]
[WhiteElo "2258"]
[BlackElo "2102"]
[PlyCount "63"]
[EventDate "2009.10.10"]
[EventType "team"]
[EventRounds "11"]
[EventCountry "AUT"]
[WhiteTeam "SV Signum Siebdruck St. Veit/Glan"]
[BlackTeam "SV Raika Rapid Feffernitz"]

1.d4 e6 2.c4 Nf6 3.Nc3 Bb4 4.Qc2 O-O 5.a3 Bxc3+ 6.Qxc3 b6 7.Bg5 Ba6 8.Qf3 Nc6
9.e3 Bb7 10.Bxf6 Qxf6 11.Qxf6 gxf6 12.Nf3 Ne7 13.Be2 c5 14.O-O Rac8 15.dxc5 Rxc5
16.Nd4 Ba6 17.b4 Rc7 18.Rfc1 Rfc8 19.b5 Bb7 20.Rc3 Ng6 21.Rac1 d5 22.Nc6 Bxc6
23.cxd5 Bxb5 24.Rxc7 Rxc7 25.Rxc7 Bxe2 26.d6 Nf8 27.a4 Kg7 28.Rxa7 b5 29.a5 b4
30.d7 Nxd7 31.Rxd7 b3 32.Rb7

[Event "2. Bundesliga Mitte 2009/2010"]
[Site "St. Valentin"]
[Date "2010.01.31"]
[Round "6"]
[Board "1"]
[White "Kozul, Zdenko"]
[Black "Weiss, Christian"]
[Result "0-1"]
[WhiteElo "2602"]
[BlackElo "2421"]
[PlyCount "120"]
[EventDate "2009.10.10"]
[EventType "team"]
[EventRounds "11"]
[EventCountry "AUT"]
[WhiteTeam "ZH-Technologies Wolfsberg"]
[BlackTeam "Union Ansfelden"]

1.d4 Nf6 2.Nf3 g6 3.c4 Bg7 4.Nc3 O-O 5.e4 d6 6.Be2 e5 7.O-O Nc6 8.d5 Ne7 9.Ne1
Ne8 10.Nd3 f5 11.Bd2 Nf6 12.f3 f4 13.c5 g5 14.cxd6 cxd6 15.Nf2 Rf7 16.Qc2 Ng6
17.Rfc1 a6 18.a4 Bf8 19.a5 Bd7 20.Na4 Rc8 21.Qb3 Rxc1+ 22.Rxc1 Bxa4 23.Qxa4 Rc7
24.Rc4 Rxc4 25.Qxc4 Be7 26.Be1 Kg7 27.Kf1 h5 28.Bd1 Nh8 29.h3 Nf7 30.Ke2 Qb8
31.Kd3 Bd8 32.Kc2 Qa7 33.b4 b6 34.axb6 Bxb6 35.Nd3 Bd8 36.Bf2 Bb6 37.Be1 Bd8
38.Nb2 g4 39.hxg4 hxg4 40.Qf1 a5 41.b5 a4 42.Kb1 a3 43.Na4 Nd7 44.Ka2 Nb6
45.Nxb6 Bxb6 46.fxg4 Qc7 47.Bb4 Qc1 48.Qe2 Bc5 49.Bxc5 dxc5 50.Qc2 Qe3 51.b6 Nd6
52.Qb3 Qd2+ 53.Bc2 c4 54.Qa4 Qc3 55.Qd7+ Nf7 56.Qb5 Qxc2+ 57.Kxa3 Qc1+ 58.Qb2
Qe3+ 59.Ka4 c3 60.Qc2 Qc5

[Event "2. Bundesliga Mitte 2009/2010"]
[Site "St. Valentin"]
[Date "2010.01.31"]
[Round "6"]
[Board "2"]
[White "Knoll, Hermann"]
[Black "Stevic, Hrvoje"]
[Result "0-1"]
[WhiteElo "2384"]
[BlackElo "2610"]
[PlyCount "80"]
[EventDate "2009.10.10"]
[EventType "team"]
[EventRounds "11"]
[EventCountry "AUT"]
[WhiteTeam "Union Ansfelden"]
[BlackTeam "ZH-Technologies Wolfsberg"]

1.e4 c5 2.Nf3 e6 3.d4 cxd4 4.Nxd4 Nf6 5.Nc3 d6 6.g4 h6 7.Bg2 Nc6 8.h3 a6 9.Be3
Ne5 10.Qe2 g5 11.f4 gxf4 12.Bxf4 Nfd7 13.O-O-O b5 14.Qf2 Bb7 15.Rhf1 Rh7 16.Kb1
Qb6 17.Nce2 Be7 18.Ng3 O-O-O 19.Nh5 Kb8 20.Qe1 Nc4 21.Nf3 Nde5 22.Nxe5 dxe5
23.Rxd8+ Qxd8 24.Bc1 Bg5 25.Qe2 Bxc1 26.Rxc1 Qd4 27.c3 Bxe4+ 28.Bxe4 Qxe4+
29.Qxe4 Nd2+ 30.Kc2 Nxe4 31.Re1 f5 32.a4 bxa4 33.Ra1 Nc5 34.Rf1 Rf7 35.Ng3 f4
36.Nh5 Kc7 37.h4 Kd6 38.g5 hxg5 39.hxg5 Rf5 40.Rg1 Ne4

[Event "2. Bundesliga Mitte 2009/2010"]
[Site "St. Valentin"]
[Date "2010.01.31"]
[Round "6"]
[Board "3"]
[White "Jovanovic, Zoran"]
[Black "Felsberger, Alfred"]
[Result "1/2-1/2"]
[WhiteElo "2526"]
[BlackElo "2368"]
[PlyCount "75"]
[EventDate "2009.10.10"]
[EventType "team"]
[EventRounds "11"]
[EventCountry "AUT"]
[WhiteTeam "ZH-Technologies Wolfsberg"]
[BlackTeam "Union Ansfelden"]

1.e4 c5 2.Nf3 d6 3.d4 cxd4 4.Qxd4 Nc6 5.Bb5 Bd7 6.Bxc6 Bxc6 7.Nc3 Nf6 8.Bg5 e6
9.O-O-O Be7 10.Rhe1 O-O 11.Kb1 Qa5 12.Qd2 Rfd8 13.Nd5 Qxd2 14.Nxe7+ Kf8 15.Nxd2
Kxe7 16.f3 h6 17.Bh4 g5 18.Bf2 b6 19.c4 Nd7 20.Bd4 f6 21.Nf1 Ne5 22.Ne3 Rac8
23.b3 Rg8 24.Rd2 Rcd8 25.h3 h5 26.a4 Rd7 27.Kc2 Rc8 28.Bc3 Bb7 29.Red1 Rg8
30.Bb4 Nf7 31.Kb2 Rb8 32.Rd4 Ba8 33.R1d2 Bc6 34.R4d3 Ba8 35.Rd4 Bc6 36.Nf1 Rbd8
37.Ng3 h4 38.Ne2

[Event "2. Bundesliga Mitte 2009/2010"]
[Site "St. Valentin"]
[Date "2010.01.31"]
[Round "6"]
[Board "4"]
[White "Ennsberger, Ulrich"]
[Black "Steflitsch, Erich"]
[Result "1/2-1/2"]
[WhiteElo "2347"]
[BlackElo "2371"]
[PlyCount "62"]
[EventDate "2009.10.10"]
[EventType "team"]
[EventRounds "11"]
[EventCountry "AUT"]
[WhiteTeam "Union Ansfelden"]
[BlackTeam "ZH-Technologies Wolfsberg"]

1.e4 e6 2.d4 d5 3.Nd2 Nf6 4.e5 Nfd7 5.Bd3 c5 6.c3 Nc6 7.Ngf3 Qb6 8.O-O g6 9.Re1
Bg7 10.Qa4 O-O 11.Bb5 cxd4 12.cxd4 f6 13.exf6 Nxf6 14.Bxc6 bxc6 15.Ne5 c5
16.dxc5 Qxc5 17.Nb3 Qd6 18.Qc6 Ne4 19.Qxd6 Nxd6 20.Nd4 Nc4 21.Ndf3 Rf5 22.Nc6
Rf7 23.Rb1 e5 24.Nfxe5 Nxe5 25.Nxe5 Bf5 26.Ra1 Re7 27.Nf3 Rxe1+ 28.Nxe1 Rb8
29.Nf3 Bxb2 30.Bxb2 Rxb2 31.h3 a5

[Event "2. Bundesliga Mitte 2009/2010"]
[Site "St. Valentin"]
[Date "2010.01.31"]
[Round "6"]
[Board "5"]
[White "Wegerer, Fred"]
[Black "Moser, Guenter"]
[Result "0-1"]
[WhiteElo "2215"]
[BlackElo "2327"]
[PlyCount "52"]
[EventDate "2009.10.10"]
[EventType "team"]
[EventRounds "11"]
[EventCountry "AUT"]
[WhiteTeam "ZH-Technologies Wolfsberg"]
[BlackTeam "Union Ansfelden"]

1.c4 c5 2.Nc3 Nc6 3.g3 g6 4.Bg2 Bg7 5.Rb1 Nf6 6.a3 O-O 7.b4 d6 8.d3 Nd7 9.Bd2 h6
10.h4 Nde5 11.b5 Nd4 12.f4 Nd7 13.e3 Nf5 14.Qf3 h5 15.Ne4 Nh6 16.Nh3 Nf6
17.Nxf6+ Bxf6 18.Nf2 Bg7 19.O-O Rb8 20.Rb3 b6 21.Bc3 e5 22.e4 f5 23.exf5 Bb7
24.Qd1 Bxg2 25.Kxg2 Nxf5 26.Qf3 exf4

[Event "2. Bundesliga Mitte 2009/2010"]
[Site "St. Valentin"]
[Date "2010.01.31"]
[Round "6"]
[Board "6"]
[White "Hellmayr, Alois"]
[Black "Waldmann, Gerald"]
[Result "1-0"]
[WhiteElo "2269"]
[BlackElo "2173"]
[PlyCount "59"]
[EventDate "2009.10.10"]
[EventType "team"]
[EventRounds "11"]
[EventCountry "AUT"]
[WhiteTeam "Union Ansfelden"]
[BlackTeam "ZH-Technologies Wolfsberg"]

1.c4 e5 2.Nc3 Nc6 3.e3 Nf6 4.a3 d5 5.cxd5 Nxd5 6.Qc2 Be7 7.Nf3 a6 8.Be2 O-O
9.O-O Be6 10.d3 Kh8 11.Nxd5 Bxd5 12.b4 f5 13.Bb2 Bf6 14.e4 Be6 15.Rac1 Rc8
16.Qc5 Be7 17.Qe3 f4 18.Qd2 Bf6 19.Rxc6 bxc6 20.Rc1 Qd6 21.Rc5 Bg4 22.Bxe5 Bxe5
23.Nxe5 Bxe2 24.Qxe2 Rcd8 25.h3 Rf6 26.Qh5 Rdf8 27.Rxc6 Qd8 28.Rc5 Qd4 29.Rxc7
Re6 30.Qf7

[Event "2. Bundesliga Mitte 2009/2010"]
[Site "Frauental"]
[Date "2010.02.27"]
[Round "7"]
[Board "2"]
[White "Testor, Sebastian"]
[Black "Weiss, Christian"]
[Result "1/2-1/2"]
[WhiteElo "2319"]
[BlackElo "2421"]
[PlyCount "143"]
[EventDate "2009.10.10"]
[EventType "team"]
[EventRounds "11"]
[EventCountry "AUT"]
[WhiteTeam "Spg. Sauwald"]
[BlackTeam "Union Ansfelden"]

1.d4 c5 2.d5 Nf6 3.Nc3 d6 4.e4 e5 5.Nf3 Be7 6.Be2 O-O 7.h3 Nbd7 8.O-O Ne8 9.Be3
g6 10.Nd2 Bg5 11.Nc4 Bxe3 12.Nxe3 Ng7 13.Qd2 Nf6 14.Kh2 Qe7 15.Rae1 Bd7 16.a4 a6
17.a5 Bb5 18.f3 Bxe2 19.Rxe2 Nge8 20.Nc4 Nd7 21.f4 exf4 22.Qxf4 Ne5 23.Nxe5 dxe5
24.Qe3 Rc8 25.Na4 Nd6 26.Nb6 Rc7 27.Qc3 f6 28.Nc4 Kg7 29.Nxd6 Qxd6 30.b3 Re7
31.Qd2 h5 32.Kh1 Ref7 33.Ref2 Rc8 34.c4 b6 35.axb6 Rb8 36.Rf3 Rxb6 37.Qa5 Rb4
38.Ra1 Rb6 39.Qa4 Qb8 40.Raf1 Qd6 41.Qa2 Rb4 42.Qf2 a5 43.g4 hxg4 44.hxg4 g5
45.Rh3 Qd7 46.Rg1 a4 47.Qxc5 Rxb3 48.Rxb3 axb3 49.Qb4 Kg6 50.Rg3 Qc8 51.Qxb3 Rc7
52.Qf3 Rxc4 53.Qf5+ Qxf5 54.gxf5+ Kh5 55.Kg2 Rxe4 56.Rd3 Rc4 57.d6 Rc8 58.Kf3
g4+ 59.Ke4 Kg5 60.d7 Rd8 61.Rd1 g3 62.Rd3 Kg4 63.Rd2 Kh3 64.Rd6 g2 65.Rxf6 g1=Q
66.Rh6+ Kg2 67.Rg6+ Kf2 68.Rxg1 Kxg1 69.Kxe5 Rxd7 70.f6 Rf7 71.Ke6 Rxf6+ 72.Kxf6

[Event "2. Bundesliga Mitte 2009/2010"]
[Site "Frauental"]
[Date "2010.02.27"]
[Round "7"]
[Board "3"]
[White "Knoll, Hermann"]
[Black "Hiermann, Dietmar"]
[Result "1-0"]
[WhiteElo "2384"]
[BlackElo "2297"]
[PlyCount "67"]
[EventDate "2009.10.10"]
[EventType "team"]
[EventRounds "11"]
[EventCountry "AUT"]
[WhiteTeam "Union Ansfelden"]
[BlackTeam "Spg. Sauwald"]

1.e4 e5 2.Nf3 Nc6 3.Bb5 a6 4.Ba4 Nf6 5.O-O b5 6.Bb3 Bc5 7.d3 d6 8.h3 h6 9.a3 O-O
10.c3 Bb6 11.Nbd2 Ne7 12.Nh4 c6 13.Ndf3 Kh8 14.Nh2 d5 15.Qf3 Qd6 16.Ng4 Nh7
17.Qg3 Bxg4 18.hxg4 Rad8 19.a4 dxe4 20.dxe4 a5 21.Nf3 f6 22.Bd2 Qc7 23.Rad1 Rd6
24.Bc1 Rfd8 25.Rxd6 Rxd6 26.Qh4 Qd8 27.Qh5 Qf8 28.g5 hxg5 29.Bxg5 bxa4 30.Bc4 g6
31.Qh4 Ng8 32.Bc1 Bc5 33.Qg3 Ne7 34.Nxe5

[Event "2. Bundesliga Mitte 2009/2010"]
[Site "Frauental"]
[Date "2010.02.27"]
[Round "7"]
[Board "4"]
[White "Niederwieser, Peter"]
[Black "Ennsberger, Ulrich"]
[Result "0-1"]
[WhiteElo "2173"]
[BlackElo "2347"]
[PlyCount "60"]
[EventDate "2009.10.10"]
[EventType "team"]
[EventRounds "11"]
[EventCountry "AUT"]
[WhiteTeam "Spg. Sauwald"]
[BlackTeam "Union Ansfelden"]

1.d4 Nf6 2.c4 e6 3.Nc3 Bb4 4.Qc2 Nc6 5.e3 d6 6.Nf3 Qe7 7.Be2 O-O 8.O-O Bxc3
9.Qxc3 a5 10.b3 e5 11.Bb2 e4 12.Nd2 d5 13.a3 Re8 14.Qc2 Bg4 15.Bxg4 Nxg4 16.cxd5
Qd6 17.g3 Qxd5 18.h3 Nf6 19.Rac1 Rad8 20.Rfd1 h5 21.Qc4 Qf5 22.Qf1 Rd5 23.Qg2
Qd7 24.Rc2 Re6 25.Rdc1 h4 26.Rc5 b6 27.R5c2 Rg5 28.Qh2 Qe8 29.Ba1 Nd5 30.Bb2
hxg3

[Event "2. Bundesliga Mitte 2009/2010"]
[Site "Frauental"]
[Date "2010.02.27"]
[Round "7"]
[Board "5"]
[White "Moser, Guenter"]
[Black "Linhart, Wolfgang"]
[Result "1-0"]
[WhiteElo "2327"]
[BlackElo "2221"]
[PlyCount "161"]
[EventDate "2009.10.10"]
[EventType "team"]
[EventRounds "11"]
[EventCountry "AUT"]
[WhiteTeam "Union Ansfelden"]
[BlackTeam "Spg. Sauwald"]

1.d4 Nf6 2.c4 g6 3.Nc3 d5 4.Bf4 Bg7 5.e3 c6 6.Nf3 O-O 7.Be2 Qa5 8.O-O dxc4
9.Bxc4 Nbd7 10.a3 Qd8 11.Rc1 Nb6 12.Ba2 Bf5 13.h3 Ne4 14.Ne2 Nd5 15.Be5 Bh6
16.Ng3 Nxg3 17.Bxg3 Be6 18.Bb1 Qb6 19.Qe2 Rac8 20.Rc5 Qd8 21.Bd3 f6 22.Rfc1 Bf7
23.b4 a6 24.Nh2 Nb6 25.f4 Nd7 26.R5c3 Bg7 27.f5 Nb6 28.Nf3 Nd5 29.Rc5 Bh6 30.Bf2
Qd7 31.fxg6 hxg6 32.Re1 Rcd8 33.Qc2 Kg7 34.Nh4 Qe8 35.g3 e6 36.e4 Ne7 37.Qc3 Rh8
38.Ng2 Qd7 39.g4 Kg8 40.Qc2 e5 41.Bc4 Bg7 42.dxe5 fxe5 43.Bxf7+ Kxf7 44.Rc3 Qe6
45.Rf1 Kg8 46.Bh4 Kh7 47.Rcf3 Rhf8 48.Qc5 Rxf3 49.Rxf3 Rd7 50.Bg5 Ng8 51.Qf2 Bh6
52.Qh4 Kg7 53.Bxh6+ Nxh6 54.g5 Ng8 55.Qg3 Rf7 56.Nh4 Rd7 57.Rd3 Rxd3 58.Qxd3 Ne7
59.Kg2 Qa2+ 60.Kg3 Kf7 61.Nf3 Qe6 62.Qc3 Qd6 63.Qxe5 Qxe5+ 64.Nxe5+ Ke6 65.Nd3
b6 66.Kf3 Kd6 67.Ke3 c5 68.bxc5+ bxc5 69.Nb2 Nc6 70.Nc4+ Ke6 71.h4 Nd4 72.Kf4
Ne2+ 73.Kf3 Nc3 74.Ke3 Nb5 75.Kd3 Nd4 76.Nd2 Ke5 77.Kc4 Ne6 78.a4 a5 79.Nb3 Nf4
80.Nxa5 Ng2 81.Nb7

[Event "2. Bundesliga Mitte 2009/2010"]
[Site "Frauental"]
[Date "2010.02.27"]
[Round "7"]
[Board "6"]
[White "Lang, Josef Jun."]
[Black "Hellmayr, Alois"]
[Result "1/2-1/2"]
[WhiteElo "2065"]
[BlackElo "2269"]
[PlyCount "62"]
[EventDate "2009.10.10"]
[EventType "team"]
[EventRounds "11"]
[EventCountry "AUT"]
[WhiteTeam "Spg. Sauwald"]
[BlackTeam "Union Ansfelden"]

1.e4 c5 2.Nc3 e6 3.g3 d5 4.exd5 exd5 5.d4 Be6 6.Bg2 cxd4 7.Qxd4 Nc6 8.Qd1 d4
9.Nce2 Bb4+ 10.Bd2 Qb6 11.Nf3 Nge7 12.O-O Rd8 13.a3 Bd6 14.Qc1 O-O 15.Rd1 Rfe8
16.c4 d3 17.Nf4 Qb3 18.Nxe6 fxe6 19.Qc3 Qxc3 20.Bxc3 Bc7 21.Ne1 Be5 22.Rac1 d2
23.Rxd2 Rxd2 24.Bxd2 Bxb2 25.Rb1 Bxa3 26.Rxb7 Ne5 27.Rxa7 Nxc4 28.Bc3 Bc5 29.Rc7
Rc8 30.Rxc8+ Nxc8 31.Nd3 Bd6

[Event "2. Bundesliga Mitte 2009/2010"]
[Site "Frauental"]
[Date "2010.02.27"]
[Round "7"]
[Board "1"]
[White "Bosiocic, Marin"]
[Black "Stevic, Hrvoje"]
[Result "1/2-1/2"]
[WhiteElo "2577"]
[BlackElo "2610"]
[PlyCount "62"]
[EventDate "2009.10.10"]
[EventType "team"]
[EventRounds "11"]
[EventCountry "AUT"]
[WhiteTeam "SV Signum Siebdruck St. Veit/Glan"]
[BlackTeam "ZH-Technologies Wolfsberg"]

1.d4 d5 2.c4 dxc4 3.Nf3 Nf6 4.e3 e6 5.Bxc4 a6 6.O-O c5 7.dxc5 Qxd1 8.Rxd1 Bxc5
9.a3 Nbd7 10.b4 Be7 11.Bb2 b5 12.Be2 Bb7 13.Nbd2 O-O 14.Rac1 Rfc8 15.h3 Rxc1
16.Rxc1 Rc8 17.Rxc8+ Bxc8 18.Kf1 Kf8 19.Ke1 Bb7 20.Kd1 Bd6 21.Bd3 Ke7 22.Kc2 g6
23.e4 e5 24.Kb3 Ne8 25.Ne1 f6 26.Nc2 Nb6 27.Ne3 Nc7 28.Nb1 Bc8 29.Nc3 Be6+
30.Kc2 h5 31.h4 Bf7

[Event "2. Bundesliga Mitte 2009/2010"]
[Site "Frauental"]
[Date "2010.02.27"]
[Round "7"]
[Board "2"]
[White "Jovanovic, Zoran"]
[Black "Rogic, Davor"]
[Result "1/2-1/2"]
[WhiteElo "2526"]
[BlackElo "2559"]
[PlyCount "63"]
[EventDate "2009.10.10"]
[EventType "team"]
[EventRounds "11"]
[EventCountry "AUT"]
[WhiteTeam "ZH-Technologies Wolfsberg"]
[BlackTeam "SV Signum Siebdruck St. Veit/Glan"]

1.e4 e5 2.Nf3 Nc6 3.Bb5 a6 4.Ba4 Nf6 5.O-O Be7 6.Re1 b5 7.Bb3 d6 8.c3 O-O 9.h3
Na5 10.Bc2 c5 11.d4 Qc7 12.d5 Nc4 13.b3 Nb6 14.Nbd2 Bd7 15.Nf1 Rfe8 16.Ng3 g6
17.Be3 Bf8 18.a4 Bg7 19.axb5 axb5 20.Qd2 Rxa1 21.Rxa1 Qb7 22.Qc1 Ra8 23.Nd2 Rxa1
24.Qxa1 Qa8 25.Qxa8+ Nxa8 26.b4 c4 27.Ne2 Ne8 28.g4 Bf8 29.Kg2 f6 30.f4 h6 31.f5
g5 32.h4

[Event "2. Bundesliga Mitte 2009/2010"]
[Site "Frauental"]
[Date "2010.02.27"]
[Round "7"]
[Board "3"]
[White "Jurkovic, Hrvoje"]
[Black "Hoelzl, Franz"]
[Result "0-1"]
[WhiteElo "2423"]
[BlackElo "2333"]
[PlyCount "60"]
[EventDate "2009.10.10"]
[EventType "team"]
[EventRounds "11"]
[EventCountry "AUT"]
[WhiteTeam "SV Signum Siebdruck St. Veit/Glan"]
[BlackTeam "ZH-Technologies Wolfsberg"]

1.Nf3 c5 2.b3 d6 3.Bb2 e5 4.e3 Qe7 5.Nc3 Nf6 6.Bc4 Nc6 7.d3 g6 8.O-O Bg7 9.d4
O-O 10.dxc5 dxc5 11.Nd5 Nxd5 12.Bxd5 Bg4 13.e4 Nd4 14.Bxd4 cxd4 15.a4 Rac8
16.Bc4 Rc5 17.h3 Be6 18.Bd3 Rfc8 19.Nd2 Bh6 20.Kh2 Bf4+ 21.g3 Qh4 22.Rh1 Bxg3+
23.fxg3 Qxh3+ 24.Kg1 Qxg3+ 25.Kf1 Bh3+ 26.Rxh3 Qxh3+ 27.Kf2 Qh2+ 28.Kf1 R8c6
29.Nf3 Rf6 30.Be2 Rc3

[Event "2. Bundesliga Mitte 2009/2010"]
[Site "Frauental"]
[Date "2010.02.27"]
[Round "7"]
[Board "4"]
[White "Steflitsch, Erich"]
[Black "Kaspret, Guido"]
[Result "1-0"]
[WhiteElo "2371"]
[BlackElo "2310"]
[PlyCount "79"]
[EventDate "2009.10.10"]
[EventType "team"]
[EventRounds "11"]
[EventCountry "AUT"]
[WhiteTeam "ZH-Technologies Wolfsberg"]
[BlackTeam "SV Signum Siebdruck St. Veit/Glan"]

1.d4 d5 2.c4 c6 3.Nc3 Nf6 4.Nf3 a6 5.c5 Nbd7 6.Bf4 g6 7.e3 Bg7 8.h3 Ne4 9.Nxe4
dxe4 10.Ng5 O-O 11.Nxe4 e5 12.dxe5 Nxe5 13.Qxd8 Rxd8 14.Bg5 Nd3+ 15.Bxd3 Rxd3
16.Nf6+ Bxf6 17.Bxf6 Rd5 18.Bd4 f5 19.f4 Be6 20.Kf2 Rad8 21.Rag1 R5d7 22.a3 Bd5
23.Rh2 Be4 24.g4 Kf7 25.g5 Ke6 26.h4 a5 27.h5 gxh5 28.Rxh5 Kd5 29.Rg3 Rf8
30.Rgh3 Rff7 31.Rh6 a4 32.Rf6 Kc4 33.Ke2 Kb5 34.Rxf7 Rxf7 35.Rh6 Kc4 36.Kd2 Bd5
37.Rd6 Kb5 38.Kc3 Re7 39.Rd8 Rf7 40.b4

[Event "2. Bundesliga Mitte 2009/2010"]
[Site "Frauental"]
[Date "2010.02.27"]
[Round "7"]
[Board "5"]
[White "Hebesberger, Thomas"]
[Black "Wegerer, Fred"]
[Result "1-0"]
[WhiteElo "2330"]
[BlackElo "2215"]
[PlyCount "116"]
[EventDate "2009.10.10"]
[EventType "team"]
[EventRounds "11"]
[EventCountry "AUT"]
[WhiteTeam "SV Signum Siebdruck St. Veit/Glan"]
[BlackTeam "ZH-Technologies Wolfsberg"]

1.d4 Nf6 2.Nf3 c5 3.d5 g6 4.Nc3 Bg7 5.e4 d6 6.Bb5+ Nbd7 7.a4 O-O 8.h3 Qa5 9.O-O
a6 10.Bxd7 Nxd7 11.Ra3 Rb8 12.Qe2 Qc7 13.Bf4 c4 14.a5 b5 15.axb6 Rxb6 16.Nd1 Bb7
17.Be3 Rb4 18.c3 Rb5 19.Nd2 Rc8 20.Ra4 Nb6 21.Bxb6 Qxb6 22.Nxc4 Qd8 23.Nde3 Qd7
24.Rfa1 e6 25.Qd3 exd5 26.exd5 f5 27.Ra5 Rxa5 28.Nxa5 f4 29.Nec4 Rc5 30.Nxb7
Qxb7 31.Nxd6 Qxd5 32.Qxd5+ Rxd5 33.Nc4 Bf8 34.Kf1 Rc5 35.Ra4 f3 36.gxf3 Rh5
37.Rxa6 Rxh3 38.Kg2 Rh4 39.Rc6 Rh5 40.b4 Rg5+ 41.Kh3 Kf7 42.Nd6+ Ke7 43.Ne4 Rf5
44.Rc7+ Kd8 45.Rxh7 Rxf3+ 46.Kg4 Rf5 47.f3 Rd5 48.Rf7 Be7 49.Rg7 g5 50.Nxg5 Rd1
51.Rg6 Rg1+ 52.Kf5 Rf1 53.Ke6 Bxg5 54.Rxg5 Rxf3 55.Rc5 Rh3 56.Kd5 Kd7 57.Kc4 Rh1
58.Rb5 Ra1 {Restliche Züge unleserlich!}

[Event "2. Bundesliga Mitte 2009/2010"]
[Site "Frauental"]
[Date "2010.02.27"]
[Round "7"]
[Board "6"]
[White "Waldmann, Gerald"]
[Black "Dietmayer-Kraeutler, Marco"]
[Result "1-0"]
[WhiteElo "2173"]
[BlackElo "2258"]
[PlyCount "97"]
[EventDate "2009.10.10"]
[EventType "team"]
[EventRounds "11"]
[EventCountry "AUT"]
[WhiteTeam "ZH-Technologies Wolfsberg"]
[BlackTeam "SV Signum Siebdruck St. Veit/Glan"]

1.e4 e5 2.Nc3 Nc6 3.Bc4 Nf6 4.d3 Na5 5.Nge2 Nxc4 6.dxc4 c6 7.O-O d6 8.b3 Be7
9.Qd3 O-O 10.Kh1 Qc7 11.f4 exf4 12.Bxf4 Nd7 13.Rad1 Ne5 14.Qg3 b6 15.Nd4 Ng6
16.Nf5 Bxf5 17.exf5 Nxf4 18.Rxf4 d5 19.Qf3 Bf6 20.cxd5 Rad8 21.Rc4 c5 22.Ne4 Qe5
23.Nxf6+ Qxf6 24.Re4 Qb2 25.c4 Rd6 26.Re2 Qf6 27.Rde1 h6 28.Qe4 a6 29.a4 b5
30.axb5 axb5 31.Qe7 g6 32.fxg6 fxg6 33.h3 bxc4 34.bxc4 Qf4 35.Re4 Qf6 36.Qc7 Ra6
37.Qxc5 Rf7 38.Qc8+ Kg7 39.Re6 Ra1 40.Qe8 Qc3 41.Rxa1 Qxa1+ 42.Kh2 Qc3 43.Qc6
Qd3 44.c5 g5 45.Qd6 g4 46.Qe5+ Kg8 47.Re8+ Rf8 48.Qe6+ Kh7 49.Re7+

[Event "2. Bundesliga Mitte 2009/2010"]
[Site "Frauental"]
[Date "2010.02.27"]
[Round "7"]
[Board "1"]
[White "Mohr, Georg"]
[Black "Lenic, Luka"]
[Result "1/2-1/2"]
[WhiteElo "2503"]
[BlackElo "2603"]
[PlyCount "60"]
[EventDate "2009.10.10"]
[EventType "team"]
[EventRounds "11"]
[EventCountry "AUT"]
[WhiteTeam "Strassenbahn Graz"]
[BlackTeam "SV Raika Rapid Feffernitz"]

1.d4 Nf6 2.Nf3 d5 3.e3 c5 4.c3 Nbd7 5.Bd3 g6 6.Nbd2 Bg7 7.O-O O-O 8.Re1 b6 9.Qe2
Bb7 10.Bc2 Re8 11.Ne5 Nxe5 12.dxe5 Ne4 13.f4 Nxd2 14.Bxd2 e6 15.Rad1 Qc7 16.Rf1
a5 17.Bd3 a4 18.a3 Qc8 19.Be1 Ba6 20.Bh4 Bxd3 21.Rxd3 Qa6 22.e4 Qc4 23.Re1 Ra7
24.Rd2 Qxe2 25.Rexe2 Rd7 26.Re1 Bh6 27.g3 Bf8 28.Red1 d4 29.g4 b5 30.Bf2 Red8

[Event "2. Bundesliga Mitte 2009/2010"]
[Site "Frauental"]
[Date "2010.02.27"]
[Round "7"]
[Board "2"]
[White "Sebenik, Matej"]
[Black "Petre, Nad-Titus"]
[Result "1/2-1/2"]
[WhiteElo "2504"]
[BlackElo "2410"]
[PlyCount "109"]
[EventDate "2009.10.10"]
[EventType "team"]
[EventRounds "11"]
[EventCountry "AUT"]
[WhiteTeam "SV Raika Rapid Feffernitz"]
[BlackTeam "Strassenbahn Graz"]

1.d4 Nf6 2.Nf3 g6 3.c4 Bg7 4.g3 c6 5.Nc3 d5 6.cxd5 cxd5 7.Ne5 O-O 8.Bg2 e6 9.O-O
Nfd7 10.f4 Nc6 11.Be3 Nb6 12.Bf2 Bd7 13.e4 Ne7 14.a4 a5 15.Nxd7 Qxd7 16.e5 Nbc8
17.Qd3 Na7 18.Rae1 Rac8 19.g4 Nac6 20.Bh3 f5 21.exf6 Rxf6 22.g5 Rf5 23.Nb5 Nd8
24.Bxf5 Nxf5 25.Re2 Nc6 26.Rfe1 Re8 27.Kg2 Bf8 28.h4 Ng7 29.Qh3 Bb4 30.Rf1 Rf8
31.Be1 Bd6 32.Bd2 Rf5 33.Qe3 Kf7 34.Rf3 Nh5 35.Ref2 Bc7 36.Qe1 Bb6 37.Be3 Nb4
38.Qc3 Ng7 39.Rf1 Kg8 40.Rc1 Nc6 41.Qa3 Bc7 42.Nxc7 Qxc7 43.Qc5 Rf8 44.Bf2 Nf5
45.b4 axb4 46.Qxb4 Qd7 47.Qb6 Nd6 48.Rb1 Ra8 49.Qb3 Ne7 50.Ra1 Ne4 51.Qb4 Qc7
52.Rb1 Nd6 53.Rc3 Nc6 54.Qb3 Qf7 55.Rf3

[Event "2. Bundesliga Mitte 2009/2010"]
[Site "Frauental"]
[Date "2010.02.27"]
[Round "7"]
[Board "3"]
[White "Grunberg, Mihai-Lucian"]
[Black "Gostisa, Leon"]
[Result "0-1"]
[WhiteElo "2401"]
[BlackElo "2409"]
[PlyCount "90"]
[EventDate "2009.10.10"]
[EventType "team"]
[EventRounds "11"]
[EventCountry "AUT"]
[WhiteTeam "Strassenbahn Graz"]
[BlackTeam "SV Raika Rapid Feffernitz"]

1.Nf3 Nf6 2.c4 c5 3.g3 b6 4.Bg2 Bb7 5.O-O e6 6.Nc3 d6 7.Re1 Nbd7 8.e4 a6 9.d4
cxd4 10.Nxd4 Qc7 11.Be3 Be7 12.Rc1 O-O 13.f4 Rac8 14.g4 Nc5 15.Bf2 g6 16.f5 exf5
17.exf5 Bxg2 18.Kxg2 Rfe8 19.g5 Qb7+ 20.Qf3 Qxf3+ 21.Nxf3 Nd3 22.gxf6 Nxe1+
23.Nxe1 Bxf6 24.Nd5 Bxb2 25.Rc2 Ba1 26.f6 Rb8 27.Nf3 b5 28.Ne7+ Kf8 29.Nd4 Rb7
30.cxb5 axb5 31.Be3 Ra8 32.Nc8 b4 33.Bh6+ Kg8 34.Be3 Bc3 35.Ne7+ Kf8 36.Bh6+ Ke8
37.Nec6 Kd7 38.Re2 Re8 39.Rxe8 Kxe8 40.Kf3 Kd7 41.Na5 Rb6 42.Ndb3 Bxf6 43.Ke3
Rb5 44.Kd3 d5 45.Bf8 Bd8